000 00762nam a2200289Ia 4500
005 20260324123228.0
008 008 260324s9999 xx 000 0 eng d
020 _a9781003552192
037 _aEBOOK
040 _aCRL
040 _beng
040 _cCRL
041 _2eng
041 _aeng
084 _qCRL
100 _aB Ann Tlusty; Beat Kumin; Thomas E Brennan; David Hancock; Michelle McDonald
_91169522
245 0 _aPublic Drinking in the Early Modern World Vol 1
245 0 _bVoices from the Tavern, 1500-1800
260 _bTaylor and Francis
260 _c2012
365 _a
365 _b240
856 _uhttp://www.taylorfrancis.com/books/9781003552192
942 _cEBOOK
999 _c1762851
_d1762851